Bytový dom

Saved in:
Bibliographic Details
Main Author: Belan, Ľuboš (Author)
Other Authors: Michalisková, Simona (Thesis advisor)
Format: Manuscript Book
Language:Slovak
Published: 2024
Subjects:
Online Access:http://is.stuba.sk/zp/portal_zp.pl?podrobnosti=162125
https://opac.crzp.sk/?fn=detailBiblioForm&sid=D4AFBEDDECE97BC6333E0D9A1374
Tags: Add Tag
No Tags, Be the first to tag this record!

MARC

LEADER 00000ntm a22000003a 4500
001 stuzp99241
003 SK-STU
005 20240909133704.7
007 ta
008 150427s2015----xo-----f-mn---000-0-slo-d
040 |a STU  |b slo 
041 0 |a slo 
100 1 |a Belan, Ľuboš  |u 010180  |4 aut  |U SvF Stavebná fakulta  |T SvF Katedra konštrukcií pozemných stavieb  |X 110368  |U V180  |Y 18  |7 110368 
242 0 1 |a Residential building  |y eng 
245 1 0 |a Bytový dom 
260 |c 2024 
650 4 |a Bytový dom  |2 slo 
650 4 |a Projekt pre realizáciu  |2 slo 
650 4 |a Technická správa  |2 slo 
650 4 |a Residential building  |2 eng 
650 4 |a Project for implementation  |2 eng 
650 4 |a Technical report  |2 eng 
700 1 |a Michalisková, Simona  |u 010180  |k Z3  |4 ths  |U SvF Stavebná fakulta  |T SvF Katedra konštrukcií pozemných stavieb  |X 63311  |U V180  |Y 18  |7 63311 
856 4 |u http://is.stuba.sk/zp/portal_zp.pl?podrobnosti=162125 
856 4 |u https://opac.crzp.sk/?fn=detailBiblioForm&sid=D4AFBEDDECE97BC6333E0D9A1374